| 000 | 00971nam a2200313Ia 4500 | ||
|---|---|---|---|
| 003 | OSt | ||
| 005 | 20220912145100.0 | ||
| 006 | a|||||r|||| 00| 0 | ||
| 007 | ta | ||
| 008 | 220909b |||||||| |||| 00| 0 eng d | ||
| 020 | _a8125029443 (hbd) | ||
| 024 | _a80639 | ||
| 037 | _b1315, 17/03/2008, New India Book Agency | ||
| 037 | _cTextual | ||
| 040 |
_aCSL _beng _cCSL |
||
| 041 | _aeng | ||
| 082 | _aY7:(J:(F)), P5 | ||
| 100 | _aScoones Ian | ||
| 245 | 0 | _aScience, agricultue and the politics of policy: the cae of biotechnology in India | |
| 260 |
_aHyderabad _bOrient Longman _c2005 |
||
| 300 |
_axii, 417p. _ccm. |
||
| 500 | _aBibliography 363-400p.; Index 401-417p. | ||
| 650 | _a Agriculture biotechnology | ||
| 650 | _a Biotechnology | ||
| 650 | _a Crops-Genetic engineeing- | ||
| 650 | _aAnthropology | ||
| 942 |
_hY7:(J:(F)), P5 _cTEXL _2CC |
||
| 999 |
_c22756 _d22756 |
||